000 00987nam a2200265Ia 4500
003 OSt
005 20221005103051.0
006 a|||||r|||| 00| 0
007 ta
008 221004b |||||||| |||| 00| 0 hin d
020 _a9788180318047 (hbk)
_cINR 400.00
024 _a29745
037 _b281, 03/03/2017, Eastern Book Linkers
_cTextual
040 _aCRL
_cCRL
_bhin
041 _2hin
_ahin
082 _aP152, Q3
100 _aदीक्षित, सूर्यप्रसाद, ले.
245 0 _aविश्व पटल पर हिन्दी
246 _aVishva paṭal par hindī
260 _aइलाहाबाद
_bलोकभारती प्रकाशन भारत
_c2013
300 _a216पृ0
_ccm.
650 _aहिन्दी भाषा
942 _hP152, Q3
_cTEXL
_2cc
999 _c1009352
_d1009352